Periódicos: sistemas complejos, narradores en interacción
Saved in:
| Main Authors: | , |
|---|---|
| Format: | Book |
| Language: | Spanish |
| Published: |
La Plata
La Crujía
2006
|
| Edition: | 1a. ed |
| Series: | Inclusiones Categorías
|
| Subjects: | |
| Tags: |
Add Tag
No Tags, Be the first to tag this record!
|
MARC
| LEADER | 00000cam a2200000 a 4500 | ||
|---|---|---|---|
| 001 | UCI9277 | ||
| 003 | CL-VaPUC | ||
| 008 | 081106e20060000AG |||||||||||||||||spa|d | ||
| 020 | |a 9876010042 | ||
| 082 | 0 | 4 | |a 070.41 |b FON |2 21 |
| 100 | 0 | |a Fontcuberta, Mar de |e author |9 532904 | |
| 700 | 0 | |a Borrat, Héctor |e author |9 532905 | |
| 245 | 1 | 0 | |a Periódicos: sistemas complejos, narradores en interacción |
| 250 | |a 1a. ed | ||
| 300 | |a 351 p | ||
| 942 | |c BK | ||
| 945 | |d 20081106 00:00:00 |a rbrito | ||
| 260 | |a La Plata |b La Crujía |c 2006 | ||
| 650 | 0 | |a Periódicos |9 335528 | |
| 650 | 0 | |a Medios de comunicación de masas |9 257273 | |
| 650 | 0 | |a Periodismo |9 310113 | |
| 583 | |a last modification |c 20171031 11:00:29 |k Rodrigo Vera | ||
| 490 | 0 | |a Inclusiones Categorías | |
| 999 | |c 331844 |d 331842 | ||
| 952 | |0 0 |1 0 |3 erb |4 0 |6 070_410000000000000_FON_2006 |7 0 |8 A |9 419006 |a BIBCUR |b BIBCUR |i 5062799 |l 3 |o 070.41 FON 2006 |p 5062799 |r 2025-04-22 |s 2023-07-04 |w 2019-11-22 |y BK |z Catalogado en:20140324 |k PER | ||